000 00211nam a22001097a 4500
041 _aeng
080 _a80
100 _aBrunel, F.
245 _aLa Dictee-Questions au Brevet
650 _aFrench
999 _c278076
_d278076
942 _cBK